Pharmaceutical Inorganic Chemistry Semester 1 (Record no. 11083)
[ view plain ]
| 000 -LEADER | |
|---|---|
| fixed length control field | 00417nam a22001577a 4500 |
| 003 - CONTROL NUMBER IDENTIFIER | |
| control field | OSt |
| 008 - FIXED-LENGTH DATA ELEMENTS--GENERAL INFORMATION | |
| fixed length control field | 220209b ||||| |||| 00| 0 eng d |
| 082 ## - DEWEY DECIMAL CLASSIFICATION NUMBER | |
| Classification number | 615.19 GUP |
| 100 ## - MAIN ENTRY--PERSONAL NAME | |
| Personal name | GUPTA,Jyoti etc |
| 245 ## - TITLE STATEMENT | |
| Title | Pharmaceutical Inorganic Chemistry Semester 1 |
| 250 ## - EDITION STATEMENT | |
| Edition statement | 6th |
| 260 ## - PUBLICATION, DISTRIBUTION, ETC. (IMPRINT) | |
| Place of publication, distribution, etc | New Delhi |
| Name of publisher, distributor, etc | Nirali Publication |
| Date of publication, distribution, etc | 2021 |
| 300 ## - PHYSICAL DESCRIPTION | |
| Extent | Misc |
| 650 ## - SUBJECT ADDED ENTRY--TOPICAL TERM | |
| Topical term or geographic name as entry element | Pharmaceutical Inorganic Chemistry |
| 942 ## - ADDED ENTRY ELEMENTS (KOHA) | |
| Source of classification or shelving scheme | Dewey Decimal Classification |
| Koha item type | Text Books |
| 942 ## - ADDED ENTRY ELEMENTS (KOHA) | |
| -- | 31 |
| Withdrawn status | Lost status | Source of classification or shelving scheme | Damaged status | Not for loan | Collection code | Home library | Current library | Date acquired | Source of acquisition | Currency | Cost, normal purchase price | Bill Number | Total Checkouts | Full call number | Acc. no. / Barcode | Date last seen | Date last borrowed | Actual Cost, discounted price | Bill Date | Koha item type |
|---|---|---|---|---|---|---|---|---|---|---|---|---|---|---|---|---|---|---|---|---|
| Dewey Decimal Classification | Diploma in Pharmacy | PIET C-LIBRARY | PIET C-LIBRARY | 09/02/2022 | Kirti Prakashan | Indian Rup | 235.00 | IN3336 | 8 | 615.19 GUP | DP987 | 05/07/2023 | 21/06/2023 | 176.25 | 25/01/2022 | Text Books | ||||
| Dewey Decimal Classification | Diploma in Pharmacy | PIET C-LIBRARY | PIET C-LIBRARY | 09/02/2022 | Kirti Prakashan | Indian Rup | 235.00 | IN3336 | 8 | 615.19 GUP | DP988 | 30/12/2024 | 12/12/2024 | 176.25 | 25/01/2022 | Text Books | ||||
| Dewey Decimal Classification | Diploma in Pharmacy | PIET C-LIBRARY | PIET C-LIBRARY | 09/02/2022 | Kirti Prakashan | Indian Rup | 235.00 | IN3336 | 7 | 615.19 GUP | DP989 | 19/11/2025 | 07/11/2025 | 176.25 | 25/01/2022 | Text Books | ||||
| Dewey Decimal Classification | Diploma in Pharmacy | PIET C-LIBRARY | PIET C-LIBRARY | 09/02/2022 | Kirti Prakashan | Indian Rup | 235.00 | IN3336 | 9 | 615.19 GUP | DP990 | 05/12/2023 | 20/11/2023 | 176.25 | 25/01/2022 | Text Books | ||||
| Dewey Decimal Classification | Diploma in Pharmacy | PIET C-LIBRARY | PIET C-LIBRARY | 09/02/2022 | Kirti Prakashan | Indian Rup | 235.00 | IN3336 | 7 | 615.19 GUP | DP991 | 10/09/2025 | 02/09/2025 | 176.25 | 25/01/2022 | Text Books |